| 000 | 00640nam a22001937a 4500 | ||
|---|---|---|---|
| 999 |
_c4705 _d4705 |
||
| 003 | AR-CdUCM | ||
| 008 | 190311b ||||| |||| 00| 0 eng d | ||
| 040 |
_aMUNICIPALIDAD PROVINCIAL DEL CUSCO _cBIBLIOTECA MUNICIPAL DEL CUSCO |
||
| 082 |
_a901.75 / _bL67 |
||
| 100 |
_aLewis, David E. _914599 |
||
| 245 | _aEssay reform and revolution in grenada 1950 to 1981 / | ||
| 260 |
_aLa Habana : _bEdiciones Casa de las Américas, _c1984. |
||
| 300 |
_a264 paginas ; _c19 cm. |
||
| 500 | _aDonación familia Nieto | ||
| 650 |
_aLiteratura inglesa _91015 |
||
| 700 |
_aMaria Teresa Ortega ( editor) _914600 |
||
| 942 |
_2ddc _cLIBROS |
||
| 945 | _arjall | ||